00455nam a2200193Ia 4500008004100000020001800041050001400059100001900073245002500092245002800117245002200145260001500167260001600182260000900198300001600207300002000223300001000243500000800253170918s9999 xx 000 0 und d a9780439233842 bJ735 2001 aJohnston, Tony aAny small goodness : ba novel of the barrio / cby Tony Johnston. aNew York : bScholastic, c2001 a128 pages : billustrations ; c19cm. a600